01022 2200265 4500001002100000005001500021035002000036007000300056008004100059020001800100082001000118084001600128100003300144245005900177250002000236300003800256520028900294600003100583264003600614336002100650337003000671338002300701990001600724990001600740INLIS00000000000006620260413102323 a0010-0426000065ta260413 g 0 ind  a9789797567293 a005.3 a005.3 EKO t0 aEko Budi PurwantoePengarang1 aTeori dan Aplikasi Sistem Digital /cEko Budi Purwanto aCetakan Pertama a274 :bIlustrasi ;c16 cm x 23 cm aBuku ini diperuntukan bagi siapa saja yang ingin belajar dan memahami sistem digital secara teoritis dan prakteknya. Bahasan buku mencakup permasalahan teori sistem digital dan aplikasinya. Secara garis besar dibagi dalam dua bagian yaitu rangkaian kombinasi dan rangkaian sekuensial. 4aKomputer - Perangkat Lunak aYogyakarta :bGraha Ilmu,c2011 2rdacontentaTeks 2rdamediaaTanpa Perantara 2rdacarrieraVolume aPP000109/19 aPP000155/19